000 00702nam a2200229Ia 4500
003 GCL
008 140319s9999 xx 000 0 ara d
020 _a5025550977
040 _aGCL /
_cGCL
082 0 4 _a211
_bر ع
100 1 _aربيع عبدربه
245 1 0 _aعظماء الدنيا وملوك الاخرة /
_cربيع عبدربه
250 _aالاولى
260 _aالقاهرة :
_bمركز الراية للنشر والاعلام ،
_c1996
300 _a190 ص ؛
_c24 سم
490 _a
650 0 4 _aالفقه
650 0 4 _aالثقافة الاسلامية
650 0 4 _aالفقه الاسلامى
650 0 4 _aالقواعد الفقهية
942 _2ddc
_cBK
999 _c47905
_d47905